| 000 | 01678nam a22003017a 4500 | ||
|---|---|---|---|
| 003 | DO-SdBNP | ||
| 005 | 20250526114442.0 | ||
| 007 | ta | ||
| 008 | 101007s2021 dr a 000 0 spa d | ||
| 020 | _a9789993467427 | ||
| 040 |
_aDO-SdBNP _bspa _cBNPHU |
||
| 082 | 4 |
_a155.937 _bB828c, 2021 _222 |
|
| 100 | 1 |
_aBrea Franco, Rosa Mariana _946192 |
|
| 245 | 1 | 3 |
_aEl duelo : _bun camino hacia la transformación / _cRosa Mariana Brea Franco. |
| 250 | _a4a ed. | ||
| 260 |
_aSanto Domingo : _bBúho, _c2021. |
||
| 300 |
_a330 p. ; _c23 cm. |
||
| 500 | _aIncluye datos biográficos de la autora en las solapas | ||
| 504 | _aBibliografía : p. 327-330 | ||
| 505 | 0 |
_tDedicatoria -- _tAgradecimientos -- _tPrólogo a la primera edición -- _tPrólogo a la segunda edición -- _tIntroducción -- _tEl significado de las crisis -- _tEl proceso del duelo -- _tEl duelo al microscopio -- _tTeorías que sustentan el duelo -- _t Factores que influencian el duelo -- _tDiferentes tipos de muerte -- _t¿Quién muere? -- _t La importancia del funeral -- _t Los hombres y el proceso del duelo -- _tLos niños y el proceso del duelo -- _tEl enfermo terminal -- _tPérdidas intangibles -- _tOtras pérdidas significativas -- _tLa crisis del divorcio -- _tEl proceso del divorcio: otras investigaciones -- _tLa experiencia de un divorcio --. _t La ayuda psicológica -- _tConclusión --. _tReferencias bibliográficas -- _tÍndice de gráficas . |
|
| 590 | _aInventariado, 2022/YL | ||
| 650 | 0 |
_aDuelo _946193 |
|
| 650 | 4 |
_aMuerte _911503 |
|
| 650 | 0 |
_aPérdida (Psicología) _946194 |
|
| 650 | 4 |
_aDivorcio _xAspectos psicológicos _946195 |
|
| 910 | _a YL /Validado, 2022/MFF | ||
| 942 |
_2ddc _cLBS1 |
||
| 999 |
_c51455 _d51455 |
||